FOOD AND BEVERAGE SERVICE TRAINING MANAGEMENT (Record no. 22734)
[ view plain ]
| 000 -LEADER | |
|---|---|
| fixed length control field | 00315nam a22001337a 4500 |
| 003 - CONTROL NUMBER IDENTIFIER | |
| control field | SGT |
| 020 ## - INTERNATIONAL STANDARD BOOK NUMBER | |
| International Standard Book Number | 0-07-096358-4 |
| 082 ## - DEWEY DECIMAL CLASSIFICATION NUMBER | |
| Classification number | 642.6 |
| Item number | AND |
| 100 ## - MAIN ENTRY--PERSONAL NAME | |
| Personal name | ANDREWS, SUDHIR |
| 245 ## - TITLE STATEMENT | |
| Title | FOOD AND BEVERAGE SERVICE TRAINING MANAGEMENT |
| 260 ## - PUBLICATION, DISTRIBUTION, ETC. (IMPRINT) | |
| Place of publication, distribution, etc | DELHI |
| Name of publisher, distributor, etc | TATAMC GRAW HILL |
| Year of Publication | 1995 |
| 300 ## - PAGE DESCRIPTION | |
| No. of Pages | 192 |
| 942 ## - ADDED ENTRY ELEMENTS (KOHA) | |
| Source of classification or shelving scheme | Dewey Decimal Classification |
| Koha item type | Books |
| Withdrawn status | Lost status | Source of classification or shelving scheme | Damaged status | Not for loan | Collection code | Home library | Current library | Date acquired | SGTU | Total Checkouts | Full call number | Accession No. (Barcode) | Date last seen | Bill Date | Koha item type |
|---|---|---|---|---|---|---|---|---|---|---|---|---|---|---|---|
| Dewey Decimal Classification | HOTEL MANAGEMENT | SGT Science & Social Sciences Library | SGT Science & Social Sciences Library | 23/05/2022 | SGTU | 642.6 AND | HM1258 | 23/05/2022 | 23/05/2022 | Books |